[Event "Lucca op 20th"]
[Site "Lucca"]
[Date "2008.10.11"]
[Round "4"]
[White "Labardi, Simone"]
[Black "Riccio, Eros"]
[Result "1/2-1/2"]
[WhiteElo "2025"]
[BlackElo "2203"]
[PlyCount "53"]
[EventDate "2008.10.04"]
[EventType "swiss"]
[EventRounds "6"]
[EventCountry "ITA"]
[SourceTitle "EXT 2011"]
[Source "ChessBase"]
[SourceDate "2010.11.26"]
[SourceVersion "1"]
[SourceVersionDate "2010.11.26"]
[SourceQuality "1"]

1. c4 e6 2. Nc3 d5 3. cxd5 exd5 4. d4 c6 5. Qc2 Be7 6. e3 Nf6 7. Nf3 0-0 8. Bd3 Re8 9. 0-0 Nbd7 10. Ne5 Nf8 11. f4 N6d7 12. Bd2 Nxe5 13. fxe5 f6 14. exf6 Bxf6 15. Ne2 Be6 16. Bb4 Be7 17. Bxe7 Qxe7 18. Rae1 Bf7 19. Ng3 Bg6 20. Nf5 Bxf5 21. Rxf5 Nd7 22. e4 Qb4 23. Qc3 Qxc3 24. bxc3 dxe4 25. Rxe4 Rxe4 26. Bxe4 g6 27. Rf3 1/2-1/2